[Event "European Rapid 2011"]
[Site "Warsaw POL"]
[Date "2011.12.18"]
[Round "12"]
[White "Jobava, Baadur"]
[Black "Timofeev, Artyom"]
[Result "1-0"]
[WhiteElo "2678"]
[BlackElo "2659"]
[PlyCount "61"]
[EventDate "2011.12.17"]

1. d4 d5 2. c4 dxc4 3. Nf3 Nf6 4. e3 e6 5. Bxc4 a6 6. Qe2 c5 7. dxc5 Bxc5 8.
O-O Nc6 9. Rd1 Qc7 10. a3 Bd6 11. Nbd2 Bd7 12. b4 Ne5 13. Bb2 Ba4 14. Rdc1 Bc6
15. Nd4 O-O 16. Nxc6 Nxc6 17. f4 Qb6 18. Bd3 Be7 19. Nc4 Qa7 20. h3 Rfd8 21.
Kh2 Nd5 22. Be4 Rac8 23. Rd1 b5 24. Bxd5 exd5 25. Nd2 d4 26. Qg4 Bf8 27. exd4
Nxd4 28. Ne4 Ra8 29. f5 Kh8 30. Ng5 Nc2 31. Qh5 1-0

[Event "European Rapid 2011"]
[Site "Warsaw POL"]
[Date "2011.12.18"]
[Round "12"]
[White "Nepomniachtchi, Ian"]
[Black "Miton, Kamil"]
[Result "1-0"]
[WhiteElo "2730"]
[BlackElo "2622"]
[PlyCount "55"]
[EventDate "2011.12.17"]

1. e4 c6 2. d4 d5 3. e5 Bf5 4. h4 h5 5. Bg5 Qb6 6. Bd3 Bxd3 7. Qxd3 e6 8. Nd2
Ne7 9. Ngf3 Qa6 10. c4 Nf5 11. O-O Bb4 12. b3 Nd7 13. Rfc1 O-O 14. Nf1 Rfe8 15.
Ne3 g6 16. Qc2 Ba3 17. Rd1 Rac8 18. Nxf5 exf5 19. Bh6 Nf8 20. c5 Ne6 21. Rdb1
Bb4 22. a3 Ba5 23. b4 Bd8 24. a4 b6 25. Qd2 Qb7 26. Bg5 Be7 27. Bf6 Rb8 28. Qh6
1-0

[Event "European Rapid 2011"]
[Site "Warsaw POL"]
[Date "2011.12.18"]
[Round "12"]
[White "Bacrot, Etienne"]
[Black "Mastrovasilis, Dimitrios"]
[Result "1/2-1/2"]
[WhiteElo "2714"]
[BlackElo "2621"]
[PlyCount "51"]
[EventDate "2011.12.17"]

1. d4 d5 2. c4 c6 3. Nf3 Nf6 4. Nc3 dxc4 5. a4 Bf5 6. e3 e6 7. Bxc4 Bb4 8. O-O
Nbd7 9. Qe2 Bg6 10. e4 O-O 11. Bd3 Bh5 12. Bf4 Re8 13. e5 Nd5 14. Nxd5 cxd5 15.
Rfc1 a6 16. Rc2 Nb8 17. Qe3 Bxf3 18. Qxf3 Nc6 19. Be3 Be7 20. Rc3 g6 21. Qd1
Nxe5 22. dxe5 d4 23. Bxg6 dxc3 24. Bxh7+ Kxh7 25. Qh5+ Kg8 26. Qg4+ 1/2-1/2

[Event "European Rapid 2011"]
[Site "Warsaw POL"]
[Date "2011.12.18"]
[Round "12"]
[White "Riazantsev, Alexander"]
[Black "Antoniewski, Rafal"]
[Result "1/2-1/2"]
[WhiteElo "2710"]
[BlackElo "2559"]
[PlyCount "129"]
[EventDate "2011.12.17"]

1. d4 d5 2. c4 c6 3. Nc3 Nf6 4. e3 e6 5. Nf3 a6 6. b3 Bb4 7. Bd2 O-O 8. Bd3
Nbd7 9. O-O Bd6 10. Rc1 e5 11. cxd5 cxd5 12. e4 dxe4 13. Nxe4 Nxe4 14. Bxe4
exd4 15. Rc4 Nc5 16. Bg5 f6 17. Bd5+ Kh8 18. Bc1 Bxh2+ 19. Nxh2 Qxd5 20. Rxd4
Qf7 21. Ba3 b6 22. Rd6 Rb8 23. Rxb6 Rxb6 24. Bxc5 Re6 25. Bxf8 Qxf8 26. Qd2 Rd6
27. Qb4 Qd8 28. Rc1 Be6 29. Nf1 h6 30. Ne3 Qb6 31. Qe4 Kg8 32. Nc4 Bxc4 33.
Qxc4+ Kf8 34. g3 Rd2 35. Qc8+ Rd8 36. Qf5 Qd6 37. Rc8 Rxc8 38. Qxc8+ Kf7 39.
Qc4+ Ke7 40. Qe4+ Kf7 41. Qb7+ Kg6 42. b4 h5 43. Kg2 Qd4 44. Qxa6 Qe4+ 45. Kg1
h4 46. Qf1 hxg3 47. fxg3 Qxb4 48. Qd3+ Kg5 49. a3 Qb2 50. Qe3+ Kg6 51. Qe4+ f5
52. Qe3 Kf6 53. Qd3 Kg5 54. Qe3+ Kf6 55. Qf3 g6 56. Qc6+ Kg5 57. a4 Qa1+ 58.
Kg2 Qb2+ 59. Kh3 Qe2 60. Qd6 Qf1+ 61. Kh2 Qf2+ 62. Kh1 Qf1+ 63. Kh2 Qf2+ 64.
Kh1 Qf1+ 65. Kh2 1/2-1/2

[Event "European Rapid 2011"]
[Site "Warsaw POL"]
[Date "2011.12.18"]
[Round "12"]
[White "Gajewski, Grzegorz"]
[Black "Shirov, Alexei"]
[Result "1/2-1/2"]
[WhiteElo "2616"]
[BlackElo "2705"]
[PlyCount "71"]
[EventDate "2011.12.17"]

1. d4 d5 2. c4 c6 3. Nf3 Nf6 4. Nc3 e6 5. e3 Nbd7 6. Bd2 Bd6 7. Bd3 dxc4 8.
Bxc4 b5 9. Bd3 Bb7 10. a3 a5 11. O-O O-O 12. e4 e5 13. dxe5 Nxe5 14. Nxe5 Bxe5
15. Be3 Ng4 16. Qxg4 Qxd3 17. Rac1 f5 18. exf5 Qxf5 19. Qxf5 Rxf5 20. Rfd1 Rff8
21. Rd2 Rfd8 22. Rcd1 Rxd2 23. Rxd2 Bxc3 24. bxc3 b4 25. a4 Ba6 26. cxb4 axb4
27. Rd7 Bb5 28. Bd4 c5 29. Rxg7+ Kf8 30. Rb7 cxd4 31. Rxb5 d3 32. Kf1 Rxa4 33.
Ke1 Ra1+ 34. Kd2 Ra2+ 35. Kxd3 Rxf2 36. Ke4 1/2-1/2

[Event "European Rapid 2011"]
[Site "Warsaw POL"]
[Date "2011.12.18"]
[Round "12"]
[White "Naiditsch, Arkadij"]
[Black "Bryzgalin, Kirill"]
[Result "1-0"]
[WhiteElo "2712"]
[BlackElo "2467"]
[PlyCount "77"]
[EventDate "2011.12.17"]

1. e4 c5 2. Nf3 e6 3. d4 cxd4 4. Nxd4 Nc6 5. Nc3 Qc7 6. f4 a6 7. Nxc6 Qxc6 8.
Bd3 b5 9. Qe2 Bb7 10. Bd2 Bc5 11. O-O-O Ne7 12. a3 Rc8 13. Kb1 O-O 14. Qh5 f6
15. g4 Rf7 16. Rhe1 Qb6 17. f5 Bd4 18. Ne2 Be5 19. Rg1 a5 20. g5 exf5 21. exf5
fxg5 22. Bxg5 Nxf5 23. Bf4 Bxf4 24. Bxf5 Bh6 25. Bxh7+ Kxh7 26. Qxf7 Be4 27.
Nc3 Rxc3 28. bxc3 d5 29. Rg3 b4 30. cxb4 axb4 31. Rdd3 bxa3+ 32. Rb3 Qd4 33.
Rgd3 Qg1+ 34. Ka2 Qxh2 35. Kxa3 Qxc2 36. Rdc3 Qh2 37. Rc6 Bf4 38. Qd7 Bh6 39.
Rxh6+ 1-0

[Event "European Rapid 2011"]
[Site "Warsaw POL"]
[Date "2011.12.18"]
[Round "12"]
[White "Zontakh, Andrey"]
[Black "Dreev, Aleksey"]
[Result "0-1"]
[WhiteElo "2566"]
[BlackElo "2710"]
[PlyCount "72"]
[EventDate "2011.12.17"]

1. d4 d5 2. c4 c6 3. Nf3 Nf6 4. Nc3 e6 5. g3 Nbd7 6. Bg2 dxc4 7. O-O Bb4 8. Qc2
O-O 9. e4 e5 10. dxe5 Ng4 11. a3 Ba5 12. Bg5 Qe8 13. Qa4 Bxc3 14. bxc3 Ngxe5
15. Nd4 Nc5 16. Qb4 Ncd3 17. Qa4 Bd7 18. Nf5 Bxf5 19. exf5 f6 20. Be3 Qh5 21.
Bd4 Nf3+ 22. Bxf3 Qxf3 23. Qxc4+ Kh8 24. Qb3 c5 25. Be3 Rfe8 26. Rad1 Rad8 27.
Qb1 c4 28. Bxa7 h5 29. h4 Re4 30. Qxb7 Rde8 31. Bd4 Nf4 32. gxf4 Qg4+ 33. Kh2
Qxf4+ 34. Kg2 Qg4+ 35. Kh2 Qxh4+ 36. Kg1 Qg5+ 0-1

[Event "European Rapid 2011"]
[Site "Warsaw POL"]
[Date "2011.12.18"]
[Round "12"]
[White "Wojtaszek, Radoslaw"]
[Black "Gritsak, Orest"]
[Result "1-0"]
[WhiteElo "2705"]
[BlackElo "2548"]
[PlyCount "103"]
[EventDate "2011.12.17"]

1. d4 Nf6 2. c4 g6 3. Nc3 d5 4. Nf3 Bg7 5. Qb3 dxc4 6. Qxc4 O-O 7. e4 Bg4 8.
Be2 Nfd7 9. Be3 Nb6 10. Qc5 N8d7 11. Qa3 Bxf3 12. gxf3 e5 13. d5 Qh4 14. O-O-O
Bh6 15. Kb1 Bxe3 16. fxe3 Qf2 17. Rd3 Nc8 18. b3 Nd6 19. Qc1 Qh4 20. Na4 Rfc8
21. Rc3 b5 22. Nb2 Qd8 23. Qd2 a5 24. Rhc1 a4 25. bxa4 bxa4 26. Ra3 Rcb8 27.
Ka1 Nb6 28. Qc2 Qe7 29. Rc3 a3 30. Nd1 Ra7 31. Rb1 Qd8 32. Nf2 Nd7 33. Nd3
Rxb1+ 34. Qxb1 Qh4 35. Qg1 Kg7 36. Qf2 Qe7 37. Bd1 Nb5 38. Rc1 Nd6 39. Qd2 Nb6
40. Bb3 f6 41. Qb4 Nd7 42. Qc3 Qf8 43. Nb4 Qa8 44. Nc6 Rb7 45. Qa5 Qf8 46. Qxa3
f5 47. Qb2 fxe4 48. f4 Nf5 49. fxe5 Nc5 50. e6+ Kh6 51. e7 Nxb3+ 52. Qxb3 1-0

[Event "European Rapid 2011"]
[Site "Warsaw POL"]
[Date "2011.12.18"]
[Round "13"]
[White "Korobov, Anton"]
[Black "Movsesian, Sergei"]
[Result "1/2-1/2"]
[WhiteElo "2660"]
[BlackElo "2710"]
[PlyCount "92"]
[EventDate "2011.12.17"]

1. c4 e5 2. Nc3 Nc6 3. Nf3 Bc5 4. e3 d6 5. d4 exd4 6. exd4 Bb6 7. Bg5 Nge7 8.
Be2 Bg4 9. O-O O-O 10. Nd5 f6 11. Nxb6 axb6 12. Bf4 d5 13. c5 Ng6 14. Bc1 bxc5
15. dxc5 Qd7 16. h3 Bf5 17. Be3 Rfe8 18. Bb5 Be4 19. Re1 Bxf3 20. Qxf3 Nge5 21.
Qh5 d4 22. Rad1 Qf7 23. Qxf7+ Kxf7 24. Bxd4 Nf3+ 25. gxf3 Rxe1+ 26. Rxe1 Nxd4
27. Bc4+ Kf8 28. Kg2 Ra5 29. b4 Ra3 30. Re3 Rxe3 31. fxe3 Nc2 32. Kf2 Nxb4 33.
a3 Nc6 34. Bd5 Nd8 35. f4 c6 36. Bc4 Ke7 37. Kf3 f5 38. e4 fxe4+ 39. Kxe4 Ne6
40. Bxe6 Kxe6 41. f5+ Kf6 42. Kf4 g6 43. fxg6 hxg6 44. h4 Ke6 45. Kg5 Kf7 46.
a4 Kg7 1/2-1/2

[Event "European Rapid 2011"]
[Site "Warsaw POL"]
[Date "2011.12.18"]
[Round "13"]
[White "Jobava, Baadur"]
[Black "Volokitin, Andrei"]
[Result "1-0"]
[WhiteElo "2678"]
[BlackElo "2695"]
[PlyCount "69"]
[EventDate "2011.12.17"]

1. d4 Nf6 2. c4 e6 3. Nf3 d5 4. Nc3 c5 5. e3 cxd4 6. exd4 Bb4 7. cxd5 Nxd5 8.
Bd2 Nc6 9. Bd3 Be7 10. O-O O-O 11. Nxd5 Qxd5 12. Bc3 Bf6 13. Qc2 g6 14. Be4 Qd6
15. Rad1 Ne7 16. h4 Nd5 17. h5 Bd7 18. Ne5 Rac8 19. Rfe1 Bc6 20. Bd2 Ne7 21.
Bh6 Bg7 22. Bxg7 Kxg7 23. Qd2 Bxe4 24. Rxe4 Nd5 25. Ng4 Rfd8 26. hxg6 hxg6 27.
Qh6+ Kg8 28. Re5 Rc6 29. Rd3 Qf8 30. Qh4 Qe7 31. Rg5 Qc7 32. Ne5 Rc1+ 33. Kh2
Kf8 34. Rf3 f5 35. Rxg6 1-0

[Event "European Rapid 2011"]
[Site "Warsaw POL"]
[Date "2011.12.18"]
[Round "13"]
[White "Kempinski, Robert"]
[Black "Nepomniachtchi, Ian"]
[Result "1-0"]
[WhiteElo "2603"]
[BlackElo "2730"]
[PlyCount "137"]
[EventDate "2011.12.17"]

1. d4 Nf6 2. c4 g6 3. g3 d5 4. cxd5 Nxd5 5. e4 Nb6 6. Bg2 Bg7 7. Ne2 c5 8. d5
e6 9. O-O O-O 10. Nec3 Na6 11. a4 exd5 12. exd5 Bf5 13. Na3 Qd7 14. a5 Nc8 15.
Bf4 Nb4 16. Qd2 Bd3 17. Rfe1 Nd6 18. Be5 Ba6 19. Bxg7 Kxg7 20. Ne4 Nxe4 21.
Bxe4 Qd6 22. Nc2 Nxc2 23. Qxc2 Rac8 24. Rad1 Rfe8 25. Qc3+ Kg8 26. Bf3 b5 27.
axb6 axb6 28. h4 h5 29. Kg2 Bb7 30. Qc4 Rcd8 31. Qc3 b5 32. b3 b4 33. Qd2 Rxe1
34. Qxe1 Rc8 35. Qe4 Kf8 36. Qe3 c4 37. Qd4 c3 38. Qh8+ Ke7 39. Qg7 Re8 40. Kh2
Kd7 41. Qxf7+ Re7 42. Qf8 Kc7 43. Bg2 Rd7 44. Qf3 Qc5 45. d6+ Kb6 46. Qf4 Bxg2
47. Kxg2 c2 48. Rc1 Qd5+ 49. Kh2 Qxb3 50. Qd4+ Kb5 51. Qe5+ Kb6 52. Qd4+ Kb5
53. Qe5+ Kb6 54. Qd4+ Kb5 55. Qe5+ Ka4 56. Ra1+ Qa3 57. Rxa3+ Kxa3 58. Qa5+ Kb2
59. Qb5 b3 60. Qxd7 c1=Q 61. Qg7+ Ka2 62. d7 Qd2 63. Qf7 Qd4 64. Kg2 g5 65.
hxg5 h4 66. Qe6 hxg3 67. Kxg3 Ka1 68. Qf6 Qxf6 69. gxf6 1-0

[Event "European Rapid 2011"]
[Site "Warsaw POL"]
[Date "2011.12.18"]
[Round "13"]
[White "Melkumyan, Hrant"]
[Black "Bacrot, Etienne"]
[Result "0-1"]
[WhiteElo "2615"]
[BlackElo "2714"]
[PlyCount "152"]
[EventDate "2011.12.17"]

1. d4 Nf6 2. c4 g6 3. Nc3 Bg7 4. e4 d6 5. Nf3 O-O 6. Be2 e5 7. O-O Nc6 8. Be3
Ng4 9. Bg5 f6 10. Bc1 f5 11. Bg5 Qe8 12. Nd5 Qf7 13. exf5 Bxf5 14. Nh4 Nf6 15.
dxe5 dxe5 16. Be3 Be6 17. Nf3 Nxd5 18. cxd5 Bxd5 19. Ng5 Qd7 20. Bg4 Qd6 21.
Ne6 Bxe6 22. Qxd6 cxd6 23. Bxe6+ Kh8 24. Bd5 Nd4 25. Rad1 Rac8 26. Rd2 b6 27.
Bxd4 exd4 28. Be4 Be5 29. g3 g5 30. Kg2 Kg7 31. Bd3 Rc7 32. Re2 h5 33. Re4 Rcf7
34. f3 Re7 35. h4 d5 36. Re2 gxh4 37. Rh1 Bf6 38. Rxe7+ Bxe7 39. gxh4 Rf4 40.
Rc1 Bxh4 41. Rc8 Rf7 42. Rc6 Re7 43. Rg6+ Kf8 44. Rd6 Re5 45. Rd7 Rg5+ 46. Kf1
Rg3 47. Be2 d3 48. Bd1 Rg5 49. Bb3 d2 50. Ke2 Rg2+ 51. Kd1 Bg5 52. Rxd5 Ke7 53.
f4 Bxf4 54. Rxh5 Rg1+ 55. Ke2 Re1+ 56. Kf3 Re3+ 57. Kxf4 Rxb3 58. Rd5 Rxb2 59.
a3 Ke6 60. Ke4 b5 61. Rd8 Rb3 62. a4 Rb4+ 63. Ke3 Rxa4 64. Kxd2 a5 65. Kc3 Rc4+
66. Kb3 a4+ 67. Ka3 Rc3+ 68. Ka2 Ke5 69. Rb8 Rb3 70. Rd8 Ke4 71. Rd7 Ke3 72.
Rd5 b4 73. Rb5 Kd2 74. Ra5 Kc2 75. Rxa4 Rb2+ 76. Ka1 Rb1+ 0-1

[Event "European Rapid 2011"]
[Site "Warsaw POL"]
[Date "2011.12.18"]
[Round "13"]
[White "Mastrovasilis, Dimitrios"]
[Black "Naiditsch, Arkadij"]
[Result "1/2-1/2"]
[WhiteElo "2621"]
[BlackElo "2712"]
[PlyCount "106"]
[EventDate "2011.12.17"]

1. e4 c5 2. Nf3 d6 3. d4 cxd4 4. Nxd4 Nf6 5. f3 e5 6. Nb3 Be7 7. c4 a5 8. Be3
O-O 9. Nc3 a4 10. Nd2 Qa5 11. Bd3 a3 12. b4 Qxb4 13. Nd5 Nxd5 14. cxd5 Nd7 15.
Rb1 Qc3 16. Qc2 Qxc2 17. Bxc2 b6 18. Nc4 b5 19. Rxb5 Ba6 20. Rb4 Rfc8 21. Bb3
Nc5 22. Bxc5 Rxc5 23. Ra4 Rcc8 24. Rxa3 Bxc4 25. Rxa8 Rxa8 26. Bxc4 Rc8 27. Bb3
Rc1+ 28. Bd1 Ra1 29. a4 Bd8 30. Kd2 Bb6 31. Kc3 Bd4+ 32. Kc4 Kf8 33. Kb5 Ke7
34. Kc4 Kd8 35. g3 Kc7 36. h4 Kb6 37. Rf1 f6 38. h5 h6 39. Kb4 Rb1+ 40. Kc4 Ka5
41. Kd3 Ra1 42. Kc2 Kxa4 43. Be2 Ra2+ 44. Kd3 Ra3+ 45. Kd2 Bc3+ 46. Kc2 Bb4 47.
Rb1 Rc3+ 48. Kd1 Ka5 49. Rc1 Ra3 50. Rc7 Ra1+ 51. Rc1 Ra2 52. Rc2 Ra1+ 53. Rc1
Rxc1+ 1/2-1/2

[Event "European Rapid 2011"]
[Site "Warsaw POL"]
[Date "2011.12.18"]
[Round "13"]
[White "Antoniewski, Rafal"]
[Black "Polgar, Judit"]
[Result "1/2-1/2"]
[WhiteElo "2559"]
[BlackElo "2710"]
[PlyCount "70"]
[EventDate "2011.12.17"]

1. e4 c5 2. Nf3 Nc6 3. Bb5 e6 4. O-O Nge7 5. Re1 a6 6. Bxc6 bxc6 7. c3 Ng6 8.
d4 d5 9. exd5 cxd5 10. Be3 c4 11. b3 cxb3 12. axb3 Bd6 13. c4 O-O 14. Nc3 Bb4
15. Bd2 dxc4 16. bxc4 Bb7 17. Ne4 a5 18. Bxb4 axb4 19. Rb1 Bxe4 20. Rxe4 Rb8
21. d5 exd5 22. cxd5 Qd6 23. Qd2 b3 24. Re3 Rfc8 25. Rexb3 Rxb3 26. Rxb3 Qxd5
27. Rd3 Qa8 28. h3 h6 29. Re3 Rd8 30. Rd3 Rb8 31. Kh2 Kh7 32. Rd7 Rb7 33. Rxb7
Qxb7 34. Qd6 Qe4 35. Qd4 Qxd4 1/2-1/2

[Event "Dutch League 2011/2012"]
[Site "www.schakers.info"]
[Date "2011.09.17"]
[Round "1.1"]
[White "Giri, Anish"]
[Black "De Jong, Jan-Willem"]
[Result "1-0"]
[WhiteElo "2722"]
[BlackElo "2424"]
[PlyCount "69"]
[EventDate "2011.09.17"]
[SourceDate "2011.09.17"]

1. Nf3 Nf6 2. g3 d5 3. Bg2 g6 4. c4 c6 5. b3 Bg7 6. Bb2 O-O 7. O-O dxc4 8. bxc4
c5 9. d3 Nc6 10. Ne5 Nd4 11. e3 Nf5 12. Nc3 Nd7 13. Nf3 b6 14. Nh4 Rb8 15. Nxf5
gxf5 16. Qa4 a6 17. Rab1 e6 18. d4 cxd4 19. exd4 Qc7 20. Ba3 Rd8 21. Be7 Re8
22. Qb4 Bf8 23. Bxf8 Rxf8 24. Rfe1 Bb7 25. d5 Rfe8 26. Ne2 b5 27. Nf4 Qxc4 28.
Qd6 Nf8 29. Nh5 Qd4 30. Rbd1 Qb2 31. Qf4 Bxd5 32. Bxd5 exd5 33. Qg5+ Kh8 34.
Rxe8 Rxe8 35. Nf6 1-0

[Event "North American Open"]
[Site "Las Vegas"]
[Date "2011.12.26"]
[Round "1"]
[White "Zenyuk, Iryna"]
[Black "Pons, Francisco"]
[Result "0-1"]
[WhiteElo "2329"]
[BlackElo "2778"]
[PlyCount "104"]
[EventDate "2011.12.??"]
[EventType "swiss"]
[EventRounds "7"]
[EventCountry "USA"]
[Source "MonRoi"]

1. d4 Nf6 2. c4 e6 3. Nc3 Bb4 4. e3 b6 5. Nf3 Ne4 6. Qc2 Bb7 7. Be2 Bxc3+ 8.
bxc3 f5 9. O-O O-O 10. Ne1 Qh4 11. f3 Ng5 12. d5 exd5 13. cxd5 Bxd5 14. c4 Bc6
15. Nd3 Ne6 16. Nb4 a5 17. Nxc6 Nxc6 18. Ba3 d6 19. f4 Nb4 20. Bxb4 axb4 21.
Bf3 Rae8 22. a3 bxa3 23. Rxa3 Nc5 24. Ra7 Re7 25. Bd5+ Kh8 26. Qxf5 Rfe8 27. e4
g6 28. Qg5 Qxg5 29. fxg5 Nd3 30. h4 Ne5 31. Ra8 Rxa8 32. Bxa8 Kg7 33. Ra1 Nxc4
34. Rc1 Na5 35. Rc2 b5 36. Ra2 Nb3 37. Rb2 Nd4 38. Bd5 c6 39. Rd2 cxd5 40. Rxd4
dxe4 41. Rxd6 Rb7 42. Kf2 b4 43. Rd2 b3 44. Rb2 Kf7 45. Ke3 Rb4 46. Kd2 Ke6 47.
Kc3 Rb7 48. Rxb3 Rxb3+ 49. Kxb3 Kf5 50. Kc3 Kg4 51. Kd4 Kxh4 52. Kxe4 Kg3 0-1

[Event "North American Open"]
[Site "Las Vegas"]
[Date "2011.12.27"]
[Round "2"]
[White "Pons, Francisco"]
[Black "Coleman, Teddy"]
[Result "1-0"]
[WhiteElo "2778"]
[BlackElo "2374"]
[PlyCount "47"]
[EventDate "2011.12.??"]
[EventType "swiss"]
[EventRounds "7"]
[EventCountry "USA"]
[Source "MonRoi"]

1. Nf3 d5 2. d4 Nf6 3. c4 c6 4. e3 Bf5 5. Nc3 e6 6. Nh4 Be4 7. f3 Bg6 8. Qb3
Qc7 9. Bd2 Be7 10. g3 dxc4 11. Bxc4 a6 12. Rc1 Nbd7 13. e4 c5 14. d5 e5 15.
Nxg6 fxg6 16. a4 b6 17. d6 Bxd6 18. Bg5 Kf8 19. Rd1 Be7 20. O-O h6 21. Be3 g5
22. f4 Rd8 23. fxg5 hxg5 24. Bxg5 1-0

[Event "North American Open"]
[Site "Las Vegas"]
[Date "2011.12.27"]
[Round "3"]
[White "Hunt, Adam"]
[Black "Pons, Francisco"]
[Result "0-1"]
[WhiteElo "2558"]
[BlackElo "2778"]
[PlyCount "136"]
[EventDate "2011.12.??"]
[EventType "swiss"]
[EventRounds "7"]
[EventCountry "USA"]
[Source "MonRoi"]

1. e4 e6 2. d4 d5 3. Nc3 Bb4 4. e5 c5 5. a3 Bxc3+ 6. bxc3 Ne7 7. a4 Qc7 8. Nf3
Nd7 9. Bd3 c4 10. Be2 a5 11. O-O Nb6 12. Qd2 h6 13. Ba3 Bd7 14. Nh4 Nxa4 15. f4
Nf5 16. Nxf5 exf5 17. Bf3 Qc6 18. Rfb1 Be6 19. Bd6 Nb6 20. Ra2 Nc8 21. Ba3 Ra6
22. Bc5 b6 23. Ba3 Kd7 24. Kf2 Rd8 25. Rg1 g6 26. h3 Na7 27. Rb1 Nb5 28. Bc1
Rb8 29. Kg1 Rg8 30. Rab2 Na3 31. Ra1 Nb5 32. Rab1 Nc7 33. Qe1 g5 34. Qg3 g4 35.
Be2 Kc8 36. Bd2 Bd7 37. h4 h5 38. Qe1 Ne6 39. g3 Qb7 40. Ra2 b5 41. Be3 Bc6 42.
Bf1 Kd7 43. Qc1 Rga8 44. Qd2 Ke8 45. Rab2 Qd7 46. Bg2 Kf8 47. Ra2 Kg7 48. Kf2
Kg6 49. Rab2 Nc7 50. Qe1 Kg7 51. Kg1 Rb8 52. Bd2 Rb7 53. Kf2 Qe7 54. Bf1 Rab6
55. Bg2 Ne6 56. Ke3 Rb8 57. Kf2 Kg6 58. Ke3 b4 59. cxb4 Nxd4 60. Kxd4 Qa7 61.
Kc3 d4+ 62. Kxd4 Bxg2 63. Kxc4 Qd7 64. Kb3 axb4 65. Bxb4 Qd5+ 66. Ka4 Ra6+ 67.
Ba5 Qc4+ 68. Ka3 Qc5+ 0-1

[Event "North American Open"]
[Site "Las Vegas"]
[Date "2011.12.28"]
[Round "4"]
[White "Pons, Francisco"]
[Black "Sokolov, Ivan"]
[Result "1/2-1/2"]
[WhiteElo "2778"]
[BlackElo "2676"]
[PlyCount "141"]
[EventDate "2011.12.??"]
[EventType "swiss"]
[EventRounds "7"]
[EventCountry "USA"]
[Source "MonRoi"]

1. Nf3 d5 2. d4 e6 3. c4 Nf6 4. Nc3 Nbd7 5. Bf4 Bb4 6. cxd5 exd5 7. Qa4 c5 8.
dxc5 Bxc3+ 9. bxc3 O-O 10. Bd6 Re8 11. e3 Ne4 12. Qa3 Qf6 13. Bb5 Nxc3 14. Bxd7
Bxd7 15. O-O Nb5 16. Qb4 Re4 17. Nd4 Nxd4 18. exd4 Bc6 19. Rad1 Rae8 20. a3 h5
21. h3 a6 22. Qc3 Qe6 23. Rb1 f6 24. a4 h4 25. a5 Qf5 26. Rbe1 Re2 27. g4 hxg3
28. Bxg3 Bb5 29. Rxe2 Bxe2 30. Re1 Qxh3 31. Qb3 Qh5 32. f3 Re7 33. Kf2 Bc4 34.
Qb1 Rxe1 35. Qxe1 Kf7 36. Qb1 Bb5 37. Qc1 g5 38. Qb1 Qh3 39. f4 Bd3 40. Qxb7+
Kg6 41. Qb2 Be4 42. f5+ Kxf5 43. Qb3 Kg4 44. Qd1+ Kf5 45. Qb3 Qg2+ 46. Ke1 Qg1+
47. Ke2 Qxd4 48. c6 Qc4+ 49. Qxc4 dxc4 50. c7 Bb7 51. Ke3 Kg4 52. Bd6 f5 53.
Kd4 Kf3 54. Kxc4 Ke2 55. Be7 g4 56. Bd6 Ke3 57. Bc5+ Ke4 58. Kc3 f4 59. Kd2 g3
60. Ke1 Bc8 61. Bd6 Bd7 62. Kf1 Kf3 63. Kg1 Kg4 64. Bb4 f3 65. Bc5 Kg5 66. Be7+
Kg6 67. Bc5 Kh5 68. Bd4 Kh4 69. Be3 Bc8 70. Bd4 Kg4 71. Bc5 1/2-1/2

[Event "North American Open"]
[Site "Las Vegas"]
[Date "2011.12.28"]
[Round "5"]
[White "Pons, Francisco"]
[Black "Shabalov, Alexander"]
[Result "1-0"]
[WhiteElo "2778"]
[BlackElo "2600"]
[PlyCount "59"]
[EventDate "2011.12.??"]
[EventType "swiss"]
[EventRounds "7"]
[EventCountry "USA"]
[Source "MonRoi"]

1. e4 c5 2. Nf3 d6 3. d4 cxd4 4. Nxd4 Nf6 5. Nc3 a6 6. h3 e5 7. Nde2 h5 8. Bg5
Be6 9. Bxf6 Qxf6 10. Nd5 Qd8 11. Nec3 Nc6 12. Ne3 g6 13. Ncd5 Bh6 14. c3 O-O
15. Bc4 Rc8 16. O-O Nb8 17. Bb3 Nd7 18. Qe2 Qh4 19. Rad1 Kg7 20. Nc4 Nc5 21.
Ncb6 Rcd8 22. Bc2 f5 23. exf5 gxf5 24. f4 e4 25. Kh2 Rb8 26. g3 Qd8 27. Qxh5
Rh8 28. Qe2 Kf8 29. b4 Nd7 30. Nc4 1-0

[Event "North American Open"]
[Site "Las Vegas"]
[Date "2011.12.29"]
[Round "6"]
[White "Mitkov, Nikola"]
[Black "Vallejo Pons, Francisco"]
[Result "0-1"]
[WhiteElo "2576"]
[BlackElo "2778"]
[PlyCount "82"]
[EventDate "2011.12.??"]
[EventType "swiss"]
[EventRounds "7"]
[EventCountry "USA"]
[Source "MonRoi"]

1. e4 e6 2. d4 d5 3. Nc3 Bb4 4. Nge2 Nc6 5. a3 Ba5 6. b4 Bb6 7. Na4 dxe4 8. c3
f5 9. Ng3 e5 10. Bb2 exd4 11. Nxb6 axb6 12. cxd4 Nf6 13. Bc4 Nd5 14. Nxe4 O-O
15. Qh5 h6 16. O-O Be6 17. Ng3 f4 18. Ne4 Qd7 19. Rfe1 Rad8 20. Rac1 Nce7 21.
Nc3 c6 22. b5 Bg4 23. Qe5 Ng6 24. Qe4 Kh7 25. Qc2 Bf5 26. Bd3 f3 27. bxc6 bxc6
28. Nxd5 cxd5 29. Bxf5 Rxf5 30. Re3 Rdf8 31. Qc7 Qxc7 32. Rxc7 fxg2 33. f3 Nh4
34. Rcc3 g5 35. h3 b5 36. Rb3 Rxf3 37. Rxf3 Rxf3 38. Rxf3 Nxf3+ 39. Kxg2 Nd2
40. Bc1 Nc4 41. Kf3 Kg6 0-1

[Event "North American Open"]
[Site "Las Vegas"]
[Date "2011.12.29"]
[Round "7"]
[White "Vallejo Pons, Francisco"]
[Black "Akobian, Varuzhan"]
[Result "1/2-1/2"]
[WhiteElo "2778"]
[BlackElo "2698"]
[PlyCount "61"]
[EventDate "2011.12.??"]
[EventType "swiss"]
[EventRounds "7"]
[EventCountry "USA"]
[Source "MonRoi"]

1. e4 e6 2. d4 d5 3. Nd2 Nf6 4. e5 Nfd7 5. c3 c5 6. Bd3 Nc6 7. Ne2 cxd4 8. cxd4
f6 9. exf6 Nxf6 10. Nf3 Bd6 11. O-O Qc7 12. g3 O-O 13. Bf4 Bd7 14. Rc1 Be8 15.
Ne5 Qb8 16. Nxc6 Bxc6 17. Qd2 e5 18. dxe5 Bxe5 19. Bxe5 Qxe5 20. Nd4 Bd7 21.
Rfe1 Qd6 22. Nf5 Bxf5 23. Bxf5 Rae8 24. Qd4 b6 25. b4 Rxe1+ 26. Rxe1 Re8 27.
Rc1 Qe5 28. Qxe5 Rxe5 29. Bd3 Kf7 30. a4 Re7 31. a5 1/2-1/2

[Event "Hastings Chess Congress"]
[Site "Horntye Park Sports Complex, "]
[Date "2011.12.28"]
[Round "1"]
[White "Kjartansson, Gudmundur"]
[Black "Wang, Yue"]
[Result "0-1"]
[WhiteElo "2326"]
[BlackElo "2697"]
[PlyCount "104"]
[EventDate "2011.??.??"]

1. d4 Nf6 2. c4 g6 3. Nc3 d5 4. e3 Bg7 5. Qb3 e6 6. Qa3 Nc6 7. Nf3 Ne7 8. b4
O-O 9. Qb3 b6 10. c5 Rb8 11. Qc2 Ne4 12. Be2 Nc6 13. Nxe4 Nxb4 14. Qb1 dxe4 15.
Qxb4 exf3 16. Bxf3 e5 17. dxe5 Ba6 18. Bb2 bxc5 19. Qa3 Rb6 20. Rd1 Qe8 21. Qc3
Qa4 22. Bd5 c6 23. Bf3 Qxa2 24. Ra1 Qe6 25. Rxa6 Rxa6 26. O-O Rb8 27. Ba1 Qa2
28. Be4 Qa3 29. Qe1 Qb4 30. f3 Qxe1 31. Rxe1 c4 32. f4 Bf8 33. Bd4 Rb3 34. Rc1
c5 35. Bc3 Raa3 36. Be1 Rxe3 37. Bd5 c3 38. g3 Rd3 39. Bc4 Rd4 40. Bf1 c4 41.
Bxc3 Rd7 42. e6 fxe6 43. Bxc4 Kf7 44. g4 Bc5+ 45. Kg2 Be3 46. Rc2 Bxf4 47. Bb4
Re3 48. Bc5 Re5 49. Bf2 Rc7 50. Kf3 g5 51. h4 h6 52. hxg5 hxg5 0-1

[Event "Hastings Chess Congress"]
[Site "Horntye Park, Hastings, Engla"]
[Date "2011.12.29"]
[Round "2"]
[White "Wang, Yue"]
[Black "Simacek, Pavel"]
[Result "1-0"]
[WhiteElo "2697"]
[BlackElo "2448"]
[PlyCount "59"]
[EventDate "2011.??.??"]

1. Nf3 f5 2. d4 Nf6 3. g3 e6 4. Bg2 d5 5. b3 Bd6 6. Ba3 Bxa3 7. Nxa3 c5 8. O-O
Qa5 9. Qc1 cxd4 10. Nxd4 Qc5 11. Qb2 O-O 12. Nf3 Nc6 13. e3 b5 14. Nd4 b4 15.
Nb1 Bd7 16. Rc1 Rac8 17. c4 Na5 18. Nd2 Qd6 19. a3 e5 20. N4f3 dxc4 21. Nxc4
Nxc4 22. bxc4 e4 23. Nd4 bxa3 24. Rxa3 Rc7 25. Qa2 Ra8 26. Ra5 g6 27. Bf1 Kg7
28. c5 Qe7 29. c6 Kh6 30. Qa1 1-0